[Event "22nd EUR-ch (w)"]
[Site "Prague CZE"]
[Date "2022.08.20"]
[Round "1.51"]
[White "Antova, Gabriela"]
[Black "Acarbay, Algi"]
[Result "1-0"]
[WhiteElo "2269"]
[BlackElo "1951"]
[EventDate "2022.08.20"]
[PlyCount "79"]

1.d4 d5 2.c4 c6 3.Nf3 Nf6 4.Nbd2 Bf5 5.Nh4 e6 6.Nxf5 exf5 7.e3 Bd6 8.g3 
O-O 9.Bg2 Nbd7 10.O-O Qc7 11.a4 Ne4 12.b3 Ndf6 13.Qc2 Qe7 14.Nb1 g6 15.f3 
Nxg3 16.hxg3 Bxg3 17.Nc3 Rfe8 18.Bh3 h5 19.Qg2 h4 20.Ne2 Nh5 21.Bd2 dxc4 
22.bxc4 Qe6 23.f4 Qxc4 24.Qf3 Qd3 25.Rfd1 Qe4 26.Qxe4 fxe4 27.Rab1 Rab8 
28.Bd7 Red8 29.Bg4 f5 30.Bxh5 gxh5 31.Nxg3 hxg3 32.Kg2 Kf7 33.Rh1 Rh8 34.
Kxg3 Ke6 35.Kf2 Kd5 36.Rbg1 Rh7 37.Rg6 Rf8 38.Rc1 b6 39.Rcxc6 Rd8 40.Rcf6 
1-0

[Event "22nd EUR-ch (w)"]
[Site "Prague CZE"]
[Date "2022.08.20"]
[Round "1.52"]
[White "Svobodova, Michaela"]
[Black "Krasteva, Beloslava"]
[Result "0-1"]
[WhiteElo "1943"]
[BlackElo "2269"]
[EventDate "2022.08.20"]
[PlyCount "102"]

1.e4 c5 2.Nf3 d6 3.Bb5+ Nd7 4.O-O a6 5.Be2 Ngf6 6.Nc3 b6 7.d4 cxd4 8.Qxd4 
Bb7 9.e5 dxe5 10.Nxe5 Nc5 11.Qh4 e6 12.Bg5 Be7 13.Rad1 Qb8 14.f4 Qc7 15.
Bh5 O-O 16.Ng4 Nxg4 17.Bxe7 Ne3 18.Bxf8 Rxf8 19.Bf3 Bxf3 20.Rxf3 Nxd1 21.
Nxd1 Ne4 22.Nc3 Qc5+ 23.Kh1 Nxc3 24.Rxc3 Qd5 25.h3 Qxa2 26.Qe7 Qxb2 27.Rc7
Qc1+ 28.Kh2 Qxf4+ 29.Kg1 Qd4+ 30.Kh1 Qd8 31.Qxd8 Rxd8 32.Rb7 g6 33.Rxb6 
Rc8 34.Rxa6 Rxc2 35.Kh2 Kg7 36.Kg3 Kf6 37.Ra7 h5 38.h4 Rc4 39.Kh3 e5 40.g3
Rc2 41.Rb7 e4 42.Ra7 Rf2 43.Ra6+ Ke5 44.Ra5+ Kd4 45.Ra4+ Kd3 46.Ra3+ Ke2 
47.Ra2+ Kf3 48.Ra7 f5 49.Ra6 e3 50.Rxg6 e2 51.Re6 Rf1 0-1

[Event "22nd EUR-ch (w)"]
[Site "Prague CZE"]
[Date "2022.08.20"]
[Round "1.53"]
[White "Urh, Zala"]
[Black "Marcinczyk, Monika"]
[Result "1-0"]
[WhiteElo "2262"]
[BlackElo "1934"]
[EventDate "2022.08.20"]
[PlyCount "51"]

1.d4 Nf6 2.c4 e6 3.Nf3 c5 4.d5 b5 5.e4 Nxe4 6.Bd3 Nf6 7.O-O bxc4 8.Bxc4 
Ba6 9.Bxa6 Nxa6 10.Nc3 Qb6 11.Ne5 Nb4 12.dxe6 fxe6 13.Bg5 Qd6 14.Qf3 Qxe5 
15.Qxa8+ Kf7 16.Bxf6 gxf6 17.Qxa7 Qd4 18.Rad1 Nd3 19.Qb7 c4 20.a4 Be7 21.
a5 Qe5 22.Qxd7 Qxa5 23.Ra1 Qb4 24.Ra7 Ne5 25.Qc7 Re8 26.Rb7 1-0

[Event "22nd EUR-ch (w)"]
[Site "Prague CZE"]
[Date "2022.08.20"]
[Round "1.54"]
[White "Dvorakova, Olga"]
[Black "Sliwicka, Alicja"]
[Result "0-1"]
[WhiteElo "1921"]
[BlackElo "2260"]
[EventDate "2022.08.20"]
[PlyCount "48"]

1.Nf3 d5 2.c4 e6 3.e3 Nf6 4.Nc3 a6 5.b3 c5 6.cxd5 exd5 7.d4 Nc6 8.Bb2 cxd4
9.Nxd4 Bd6 10.Be2 O-O 11.O-O Bc7 12.Ba3 Re8 13.Nxc6 bxc6 14.Rc1 Re6 15.Bf3
h5 16.Ne2 Ng4 17.h3 Rh6 18.Nd4 Ne5 19.Be2 Bxh3 20.f4 Bxg2 21.Kxg2 Qh4 22.
Nf3 Rg6+ 23.Ng5 Rxg5+ 24.fxg5 Ng4 0-1

[Event "22nd EUR-ch (w)"]
[Site "Prague CZE"]
[Date "2022.08.20"]
[Round "1.55"]
[White "Gueci, Tea"]
[Black "Kochavi, Dana"]
[Result "1/2-1/2"]
[WhiteElo "2254"]
[BlackElo "1894"]
[EventDate "2022.08.20"]
[PlyCount "126"]

1.e4 c6 2.d4 d5 3.Nc3 dxe4 4.Nxe4 Nf6 5.Nxf6+ exf6 6.c3 Bd6 7.Bd3 O-O 8.
Qc2 Re8+ 9.Ne2 h5 10.O-O h4 11.h3 Nd7 12.Bd2 Nf8 13.Rae1 Qc7 14.c4 c5 15.
d5 Bd7 16.f4 Qc8 17.Nc3 Rxe1 18.Bxe1 Qc7 19.Ne2 Re8 20.Bxh4 f5 21.Bf2 Ng6 
22.g3 a6 23.Nc3 Ne7 24.Qd2 g6 25.Rc1 Kg7 26.Ne2 Ng8 27.b4 b6 28.bxc5 bxc5 
29.Qb2+ Nf6 30.Rb1 Bc8 31.Kf1 Qd8 32.Ng1 Kg8 33.Nf3 Ne4 34.Be1 Qe7 35.Kg2 
Bc7 36.h4 f6 37.Qc2 Qd7 38.a4 Qd6 39.Rb2 Bd7 40.a5 Bc8 41.Qb1 Qd8 42.Qa1 
Kf7 43.Qa3 Qe7 44.Re2 Bd6 45.Nd2 Qd7 46.Nxe4 fxe4 47.Rxe4 Bxf4 48.Rxe8 
Qxe8 49.Bf2 Qd7 50.Bxg6+ Kxg6 51.gxf4 Kf7 52.Qf3 Qc7 53.Qh5+ Kg7 54.Qe8 
Bf5 55.Be3 Qb7 56.h5 Qb2+ 57.Bf2 Qc3 58.Qe7+ Kh6 59.Qf8+ Kxh5 60.Qh8+ Kg6 
61.Qg8+ Kh6 62.Qh8+ Kg6 63.Qg8+ Kh6 1/2-1/2

[Event "22nd EUR-ch (w)"]
[Site "Prague CZE"]
[Date "2022.08.20"]
[Round "1.56"]
[White "Trasakova, Adela"]
[Black "Eric, Jovana"]
[Result "1/2-1/2"]
[WhiteElo "1862"]
[BlackElo "2244"]
[EventDate "2022.08.20"]
[PlyCount "127"]

1.d4 Nf6 2.Nf3 e6 3.g3 c5 4.Bg2 cxd4 5.Nxd4 d5 6.O-O e5 7.Nb3 Be6 8.c4 Nc6
9.cxd5 Bxd5 10.Nc3 Bxg2 11.Kxg2 Be7 12.e4 O-O 13.a3 Qc8 14.Bg5 Rd8 15.Qe2 
Qe6 16.Bxf6 Bxf6 17.Nd5 Be7 18.Rfd1 Bf8 19.Rac1 Qg6 20.Qe3 Rac8 21.Rd3 Re8
22.Rcd1 h6 23.Rc3 Kh7 24.Qf3 Rcd8 25.Rcd3 Rd6 26.R1d2 Red8 27.Rd1 Kh8 28.
R1d2 b6 29.Rd1 f6 30.R1d2 Qf7 31.Rd1 Qd7 32.R1d2 Rb8 33.Nxf6 Qe6 34.Nd5 
Qg6 35.Rd1 a5 36.a4 Rd7 37.Qe3 Nd4 38.Nxd4 Bc5 39.Qe2 Bxd4 40.b3 Rf8 41.f3
Rc8 42.R3d2 Rc5 43.Ne3 Rc3 44.Nc4 Rc7 45.Rd3 Rxd3 46.Qxd3 Qc6 47.Rd2 Qc5 
48.f4 Rf7 49.Nxe5 Bxe5 50.fxe5 Qxe5 51.Qd5 Qc3 52.Qxf7 Qxd2+ 53.Kh3 Qd6 
54.Qe8+ Kh7 55.e5 Qd5 56.Qh5 Qe6+ 57.Kg2 Qxb3 58.Qf5+ Kh8 59.e6 Qb2+ 60.
Kh3 Qe2 61.Qf8+ Kh7 62.Qf5+ Kh8 63.Qf8+ Kh7 64.Qf5+ 1/2-1/2

[Event "22nd EUR-ch (w)"]
[Site "Prague CZE"]
[Date "2022.08.20"]
[Round "1.57"]
[White "Gajcin, Marina"]
[Black "Tsotsonava, Elene"]
[Result "1-0"]
[WhiteElo "2244"]
[BlackElo "1858"]
[EventDate "2022.08.20"]
[PlyCount "83"]

1.e4 e5 2.Nf3 Nc6 3.Bc4 Nf6 4.d3 Be7 5.O-O O-O 6.Nc3 d6 7.a3 Be6 8.Nd5 
Bxd5 9.exd5 Nd4 10.Nxd4 exd4 11.Ba2 Qd7 12.c3 dxc3 13.bxc3 Rfe8 14.Rb1 b5 
15.Qf3 a6 16.h3 Qd8 17.c4 Nd7 18.cxb5 Bf6 19.bxa6 Rxa6 20.d4 Qa8 21.Qf5 
Nb6 22.Rb4 Qc8 23.Qd3 Ra5 24.Bb2 Nxd5 25.Rb5 Rxb5 26.Qxb5 c6 27.Qc4 Qb7 
28.Rb1 Qd7 29.Bb3 Nf4 30.Rd1 d5 31.Qc2 Re2 32.Rd2 Re1+ 33.Kh2 Qd6 34.g3 
Ne6 35.Qf5 Ng5 36.Qc8+ Bd8 37.Kg2 Qf6 38.Qg4 Nf3 39.Rd1 Rxd1 40.Bxd1 Ne1+ 
41.Kf1 Nd3 42.Qe2 1-0

[Event "22nd EUR-ch (w)"]
[Site "Prague CZE"]
[Date "2022.08.20"]
[Round "1.58"]
[White "Orian, Noga"]
[Black "Rakhmangulova, Anastasiya"]
[Result "1/2-1/2"]
[WhiteElo "1855"]
[BlackElo "2244"]
[EventDate "2022.08.20"]
[PlyCount "196"]

1.d4 Nf6 2.c4 g6 3.Nc3 Bg7 4.e4 d6 5.Be2 O-O 6.Be3 e5 7.d5 a5 8.g4 Na6 9.
g5 Nd7 10.h4 Ndc5 11.Qd2 c6 12.O-O-O cxd5 13.Qxd5 a4 14.Qxd6 Qa5 15.Nd5 
Be6 16.Bd2 Qd8 17.Qxd8 Rfxd8 18.Ba5 Bxd5 19.Bxd8 Bxe4 20.f3 Bf5 21.Be7 a3 
22.bxa3 Ne6 23.Bd3 Bxd3 24.Rxd3 Nac5 25.Rd5 b6 26.Rh2 Rxa3 27.Rhd2 h6 28.
Nh3 Rxf3 29.gxh6 Bxh6 30.Ng5 Rf4 31.Kb1 Rxc4 32.Bf6 e4 33.Nxe6 Nxe6 34.
Rd8+ Nf8 35.Rc2 Rb4+ 36.Rb2 Rc4 37.Rc2 Rb4+ 38.Rb2 Ra4 39.Rd4 Ra5 40.Rxe4 
Rf5 41.Bg5 Bxg5 42.hxg5 b5 43.Reb4 Ne6 44.Kc1 Nc7 45.Rc2 Na6 46.Rg4 Nc5 
47.Kb2 Kg7 48.Ka3 Nd3 49.Rg3 Nc5 50.Kb4 Ne6 51.Rg4 Rd5 52.Rc6 Rf5 53.Rb6 
Nc7 54.Rb7 Nd5+ 55.Ka5 Rf2 56.Kxb5 Rxa2 57.Rd7 Ne3 58.Re4 Nf5 59.Ra4 Rf2 
60.Re4 Rg2 61.Re5 Rxg5 62.Rdd5 Kf6 63.Kc5 Rg2 64.Re8 Rc2+ 65.Kb4 Rc7 66.
Rc5 Rb7+ 67.Kc3 Kg5 68.Kd3 Rd7+ 69.Ke2 Ra7 70.Re4 Ra3 71.Kf2 Kf6 72.Rf4 
Ra2+ 73.Kf3 Ra3+ 74.Kf2 Rh3 75.Rfxf5+ gxf5 76.Ra5 Rb3 77.Ra6+ Kg5 78.Ra7 
f6 79.Ra6 Rd3 80.Rb6 Ra3 81.Rb4 f4 82.Rb8 Kf5 83.Rc8 f3 84.Kg3 Rb3 85.Ra8 
Ke4 86.Re8+ Kf5 87.Ra8 Rd3 88.Rb8 Re3 89.Rb4 Kg5 90.Rb5+ f5 91.Ra5 Rc3 92.
Rb5 Kg6 93.Rb8 Kf6 94.Rf8+ Ke5 95.Re8+ Kd4 96.Kf2 f4 97.Rd8+ Ke5 98.Re8+ 
Kf5 1/2-1/2

[Event "22nd EUR-ch (w)"]
[Site "Prague CZE"]
[Date "2022.08.20"]
[Round "1.59"]
[White "Kubicka, Anna"]
[Black "Shatil, Or"]
[Result "1-0"]
[WhiteElo "2237"]
[BlackElo "1842"]
[EventDate "2022.08.20"]
[PlyCount "49"]

1.e4 c5 2.Nf3 Nc6 3.Bb5 e6 4.O-O Nge7 5.d4 cxd4 6.Nxd4 a6 7.Be2 Ng6 8.Nxc6
bxc6 9.Be3 Be7 10.c4 O-O 11.Nc3 Rb8 12.Qd2 Qc7 13.Rad1 d6 14.f4 Rd8 15.Kh1
Bb7 16.Qe1 Bf6 17.c5 d5 18.e5 Be7 19.Na4 Nf8 20.Bd2 Re8 21.Ba5 Qd7 22.Nb6 
Qd8 23.Nxd5 Qc8 24.Nxe7+ Rxe7 25.Rd8 1-0

[Event "22nd EUR-ch (w)"]
[Site "Prague CZE"]
[Date "2022.08.20"]
[Round "1.60"]
[White "Soares, Sara Joana de Moura pe"]
[Black "Van Foreest, Machteld"]
[Result "1-0"]
[WhiteElo "1648"]
[BlackElo "2235"]
[EventDate "2022.08.20"]
[PlyCount "81"]

1.d4 d5 2.c4 e6 3.Nf3 Nf6 4.Nc3 c6 5.cxd5 exd5 6.Qc2 Bd6 7.Bg5 O-O 8.e3 b5
9.Bd3 h6 10.Bh4 Na6 11.Qd2 b4 12.Ne2 c5 13.dxc5 Nxc5 14.O-O Nce4 15.Qc2 
Bg4 16.Ned4 Rc8 17.Qb3 Qe7 18.Rac1 g5 19.Bg3 Bxg3 20.hxg3 Bxf3 21.Nxf3 g4 
22.Bxe4 Nxe4 23.Rxc8 Rxc8 24.Nd4 Nd2 25.Qd1 Nxf1 26.Qxg4+ Kh7 27.Qf5+ Kg7 
28.Qxc8 Nxe3 29.Nc6 Qg5 30.fxe3 Qxg3 31.Qh3 Qe1+ 32.Kh2 Qd2 33.Qg4+ Kf8 
34.Qxb4+ Qxb4 35.Nxb4 Ke7 36.Nxd5+ Kd6 37.Nc3 Ke5 38.Kg3 f5 39.Kf3 a6 40.
g4 fxg4+ 41.Kxg4 1-0

[Event "22nd EUR-ch (w)"]
[Site "Prague CZE"]
[Date "2022.08.20"]
[Round "1.61"]
[White "Calzetta Ruiz, Monica"]
[Black "Markova, Karolina"]
[Result "1-0"]
[WhiteElo "2230"]
[BlackElo "1635"]
[EventDate "2022.08.20"]
[PlyCount "35"]

1.e4 c5 2.Nf3 Nc6 3.d4 cxd4 4.Nxd4 g6 5.Nc3 Bg7 6.Be3 Nf6 7.Bc4 O-O 8.Bb3 
d6 9.f3 Bd7 10.h4 a6 11.h5 b5 12.hxg6 hxg6 13.Qd2 b4 14.Nce2 a5 15.Bh6 Bh8
16.Qg5 a4 17.Qxg6+ Bg7 18.Qxg7# 1-0

[Event "22nd EUR-ch (w)"]
[Site "Prague CZE"]
[Date "2022.08.21"]
[Round "2.1"]
[White "Belenkaya, Dina"]
[Black "Dzagnidze, Nana"]
[Result "0-1"]
[WhiteElo "2293"]
[BlackElo "2531"]
[EventDate "2022.08.20"]
[PlyCount "140"]

1.e4 c5 2.Nf3 e6 3.d4 cxd4 4.Nxd4 a6 5.Nc3 Qc7 6.g3 b5 7.Bg2 Bb7 8.O-O b4 
9.Na4 Nf6 10.Re1 h5 11.h4 Nc6 12.c4 bxc3 13.bxc3 Ne5 14.Bf4 d6 15.Rb1 Nfd7
16.c4 Be7 17.c5 dxc5 18.Nf5 Rd8 19.Nxe7 Kxe7 20.Qc1 Ba8 21.Nb2 Rb8 22.Qc3 
f6 23.Nc4 Rxb1 24.Rxb1 Rb8 25.Rc1 Rc8 26.Rd1 Rb8 27.Rc1 Kf7 28.Rd1 Rb4 29.
Rxd7+ Qxd7 30.Bxe5 Qd1+ 31.Kh2 Rb1 32.Bf4 Qg1+ 33.Kh3 Qxf2 34.Qf3 Qxf3 35.
Bxf3 Rb4 36.Bxh5+ Ke7 37.Be2 Bxe4 38.Bd6+ Kd7 39.Bxc5 Rb8 40.g4 Kc6 41.Bf2
Bd5 42.Na5+ Kc7 43.Bg3+ e5 44.Nb3 Rb4 45.Bxa6 Ra4 46.Bf1 Bf3 47.g5 Bg4+ 
48.Kg2 Rxa2+ 49.Bf2 f5 50.Bc4 Rc2 51.Bf7 Kd6 52.Kg3 Rc3+ 53.Kg2 Bf3+ 54.
Kg1 f4 55.Be1 Rc2 56.Bb4+ Kc6 57.Nd2 Bd5 58.Be8+ Kc7 59.Bg6 Rc1+ 60.Kf2 
Rh1 61.Ne4 Rh2+ 62.Kf3 Rh3+ 63.Kf2 Re3 64.Bd6+ Kd7 65.Bf5+ Be6 66.Nc5+ 
Kxd6 67.Nxe6 g6 68.Bg4 Rg3 69.Nxf4 exf4 70.Bd1 Rh3 0-1

[Event "22nd EUR-ch (w)"]
[Site "Prague CZE"]
[Date "2022.08.21"]
[Round "2.2"]
[White "Blagojevic, Tijana"]
[Black "Stefanova, Antoaneta"]
[Result "1/2-1/2"]
[WhiteElo "2291"]
[BlackElo "2472"]
[EventDate "2022.08.20"]
[PlyCount "69"]

1.e4 e5 2.Nf3 Nc6 3.Nc3 d6 4.d4 Bg4 5.Bb5 exd4 6.Qxd4 a6 7.Bxc6+ bxc6 8.
Bg5 f6 9.Be3 c5 10.Qd3 Ne7 11.h3 Be6 12.Nd5 Ng6 13.O-O Be7 14.a3 O-O 15.b4
f5 16.bxc5 dxc5 17.Nxe7+ Qxe7 18.exf5 Rxf5 19.Nd2 Raf8 20.Ne4 Rd5 21.Qxa6 
Bxh3 22.Qc4 Be6 23.Bxc5 Qh4 24.Bxf8 Nf4 25.g3 Qh3 26.gxf4 Rg5+ 27.fxg5 
Bxc4 28.Bb4 Be2 29.f3 Bxf3 30.Rxf3 Qxf3 31.Re1 Qg4+ 32.Kf2 Qf4+ 33.Kg2 
Qg4+ 34.Kf2 Qf4+ 35.Kg2 1/2-1/2

[Event "22nd EUR-ch (w)"]
[Site "Prague CZE"]
[Date "2022.08.21"]
[Round "2.3"]
[White "Batsiashvili, Nino"]
[Black "Radeva, Viktoria"]
[Result "1-0"]
[WhiteElo "2466"]
[BlackElo "2289"]
[EventDate "2022.08.20"]
[PlyCount "83"]

1.d4 Nf6 2.c4 e6 3.Nc3 Bb4 4.Nf3 O-O 5.e3 c5 6.Bd3 Nc6 7.O-O Bxc3 8.bxc3 
d6 9.e4 e5 10.d5 Ne7 11.Nh4 Ng6 12.Nf5 Nf4 13.Bc2 g6 14.Ne3 Ne8 15.g3 Nh3+
16.Kg2 Ng7 17.f4 exf4 18.gxf4 Qh4 19.f5 Nh5 20.Qf3 Ng5 21.Qg4 Qxg4+ 22.
Nxg4 f6 23.Nxf6+ Nxf6 24.Bxg5 gxf5 25.exf5 Kf7 26.Bf4 Rd8 27.Kf3 b6 28.
Rad1 Nh5 29.Bg5 Rg8 30.Bh4 Ba6 31.Bd3 Nf6 32.Rfe1 Bc8 33.Bg3 Rd8 34.Re3 
Rb8 35.Rde1 Rb7 36.h3 Nh5 37.Bh4 Rdd7 38.Re8 Rbc7 39.Rh8 Nf6 40.Re6 Ng8 
41.f6 Kf8 42.Bg5 1-0

[Event "22nd EUR-ch (w)"]
[Site "Prague CZE"]
[Date "2022.08.21"]
[Round "2.4"]
[White "Papp, Sarah"]
[Black "Mammadzada, Gunay"]
[Result "0-1"]
[WhiteElo "2290"]
[BlackElo "2466"]
[EventDate "2022.08.20"]
[PlyCount "96"]

1.e4 c5 2.Nf3 d6 3.d4 cxd4 4.Nxd4 Nf6 5.Nc3 a6 6.Bg5 e6 7.f4 Nbd7 8.Qe2 
Qc7 9.O-O-O b5 10.a3 Be7 11.Bxf6 Nxf6 12.g4 Nd7 13.g5 Rb8 14.Qe1 Qb6 15.b4
Bb7 16.h4 Rc8 17.Rh3 Qc7 18.f5 e5 19.Nb3 Nb6 20.Qf2 f6 21.g6 hxg6 22.fxg6 
Na4 23.Rdd3 f5 24.exf5 e4 25.Rde3 d5 26.f6 Bxf6 27.Nxa4 bxa4 28.Nc5 O-O 
29.Qg3 Bd4 30.Be2 Bxc5 31.bxc5 d4 32.Bc4+ Kh8 33.Qg5 Qxc5 34.Re1 Rf5 35.
Rh2 Qxa3+ 36.Kd1 Qf3+ 37.Be2 Qc3 38.Bg4 Rxg5 39.hxg5+ Kg8 40.Be6+ Kf8 41.
Bxc8 Qf3+ 42.Ree2 e3 43.Bxb7 Qxb7 44.Kc1 a3 45.c3 Qc6 46.Kb1 Qb6+ 47.Kc2 
a2 48.Rh1 Qb5 0-1

[Event "22nd EUR-ch (w)"]
[Site "Prague CZE"]
[Date "2022.08.21"]
[Round "2.5"]
[White "Danielian, Elina"]
[Black "Mkrtchian, Mariam"]
[Result "1-0"]
[WhiteElo "2441"]
[BlackElo "2285"]
[EventDate "2022.08.20"]
[PlyCount "59"]

1.d4 d5 2.Nf3 Nf6 3.c4 c6 4.Nc3 dxc4 5.a4 Bf5 6.Ne5 Nbd7 7.Nxc4 Qc7 8.g3 
e5 9.dxe5 Nxe5 10.Bf4 Nfd7 11.Bg2 g5 12.Bxe5 Nxe5 13.Qd4 f6 14.Ne3 Be6 15.
a5 a6 16.h4 g4 17.O-O Be7 18.Qf4 O-O-O 19.Rfc1 Ng6 20.Qa4 Bc5 21.Ncd5 Qd6 
22.b4 Bd4 23.b5 Bxa1 24.bxc6 Bb2 25.Nc4 Bxc1 26.Nxd6+ Rxd6 27.Qb4 Rxc6 28.
Nb6+ Kc7 29.Bxc6 bxc6 30.Qc3 1-0

[Event "22nd EUR-ch (w)"]
[Site "Prague CZE"]
[Date "2022.08.21"]
[Round "2.6"]
[White "Rudzinska, Michalina"]
[Black "Socko, Monika"]
[Result "1/2-1/2"]
[WhiteElo "2287"]
[BlackElo "2423"]
[EventDate "2022.08.20"]
[PlyCount "45"]

1.e4 c5 2.Nf3 Nc6 3.Nc3 g6 4.Bb5 Bg7 5.Bxc6 dxc6 6.O-O c4 7.a4 e5 8.Qe2 
Be6 9.Rd1 h6 10.d3 cxd3 11.Rxd3 Qa5 12.b3 Nf6 13.Ba3 Bf8 14.Bb2 Bg7 15.
Rad1 O-O 16.Ba3 Rfe8 17.Bd6 Nd7 18.Qe3 Qb6 19.Qxb6 axb6 20.Bc7 Re7 21.Bd6 
Ree8 22.Bc7 Re7 23.Bd6 1/2-1/2

[Event "22nd EUR-ch (w)"]
[Site "Prague CZE"]
[Date "2022.08.21"]
[Round "2.7"]
[White "Sieber, Fiona"]
[Black "Fataliyeva, Ulviyya"]
[Result "0-1"]
[WhiteElo "2280"]
[BlackElo "2413"]
[EventDate "2022.08.20"]
[PlyCount "132"]

1.e4 e6 2.d4 d5 3.e5 c5 4.c3 Nc6 5.Nf3 Bd7 6.Be2 Nge7 7.O-O Nf5 8.Na3 cxd4
9.cxd4 Qb6 10.Nc2 Na5 11.Ne3 Nxe3 12.Bxe3 Qxb2 13.a4 Qb3 14.Qxb3 Nxb3 15.
Rab1 Na5 16.Bd2 b6 17.Rfc1 Ba3 18.Rc7 Nc4 19.Bxc4 dxc4 20.Bc3 Be7 21.Rxc4 
O-O 22.Rc7 Rfd8 23.Bd2 h6 24.a5 b5 25.a6 Bf8 26.d5 exd5 27.Nd4 Rac8 28.
Nxb5 Bxb5 29.Rxc8 Rxc8 30.Rxb5 Rc5 31.Rb8 Rc2 32.Be1 g5 33.f4 Rc1 34.Kf2 
Kg7 35.f5 Bc5+ 36.Ke2 Bd4 37.Bg3 h5 38.Rb7 h4 39.Be1 Bxe5 40.Rxa7 Ra1 41.
Bb4 Kf6 42.Bc5 Ra5 43.Bb6 Ra2+ 44.Kf3 Kxf5 45.Rxf7+ Kg6 46.Ra7 Ra3+ 47.Ke2
d4 48.Rd7 Rxa6 49.Bxd4 Ra2+ 50.Kf3 Rd2 51.Bxe5 Rxd7 52.h3 Kf5 53.Bb2 Rd1 
54.Bg7 Rd3+ 55.Ke2 Ke4 56.Bf6 Rd5 57.Be7 Kf4 58.Kf2 Rd2+ 59.Kf1 Kg3 60.
Bxg5 Rf2+ 61.Ke1 Rxg2 62.Kf1 Rb2 63.Be7 Rf2+ 64.Ke1 Rf5 65.Bd6+ Kxh3 66.
Ke2 Kg2 0-1

[Event "22nd EUR-ch (w)"]
[Site "Prague CZE"]
[Date "2022.08.21"]
[Round "2.8"]
[White "Zawadzka, Jolanta"]
[Black "Antova, Gabriela"]
[Result "1-0"]
[WhiteElo "2412"]
[BlackElo "2269"]
[EventDate "2022.08.20"]
[PlyCount "81"]

1.e4 e5 2.Nf3 Nc6 3.Bb5 g6 4.c3 a6 5.Bxc6 dxc6 6.d4 exd4 7.cxd4 Bg7 8.h3 
h6 9.Nc3 Ne7 10.Ne2 c5 11.dxc5 Qxd1+ 12.Kxd1 f5 13.e5 g5 14.Kc2 Be6 15.Re1
O-O-O 16.Bd2 Bd5 17.Ng3 Rhf8 18.Bc3 Ng6 19.e6 Bxc3 20.Kxc3 Bxf3 21.gxf3 
Rde8 22.Nh5 Re7 23.Rad1 f4 24.b4 Rf5 25.Re4 Re5 26.Red4 Kb8 27.Rd8+ Ka7 
28.Rg8 R5xe6 29.Ng7 Rf6 30.Rdd8 b6 31.Nh5 Rfe6 32.a4 Ne5 33.b5 bxc5 34.
Ra8+ Kb6 35.Rxa6+ Kb7 36.Raa8 Nd7 37.a5 Re1 38.Nf6 c6 39.Nxd7 cxb5 40.
Nxc5+ Kc6 41.Rac8+ 1-0

[Event "22nd EUR-ch (w)"]
[Site "Prague CZE"]
[Date "2022.08.21"]
[Round "2.9"]
[White "Krasteva, Beloslava"]
[Black "Narva, Mai"]
[Result "1/2-1/2"]
[WhiteElo "2269"]
[BlackElo "2405"]
[EventDate "2022.08.20"]
[PlyCount "94"]

1.d4 Nf6 2.c4 e6 3.Nc3 d5 4.cxd5 exd5 5.Bg5 c6 6.e3 Be7 7.Bd3 O-O 8.Nge2 
Re8 9.O-O g6 10.f3 a5 11.Bh4 Na6 12.Kh1 b5 13.Rc1 Bd7 14.a4 b4 15.Nb1 Qb6 
16.Bf2 c5 17.b3 Rac8 18.Nd2 cxd4 19.Nxd4 Bc5 20.Re1 Nc7 21.Nf1 Ne6 22.Nb5 
Nf4 23.Bh4 Nxd3 24.Qxd3 Bxb5 25.axb5 Be7 26.Qd4 Qe6 27.Ra1 Bd8 28.Rec1 Kg7
29.Rxc8 Qxc8 30.Rd1 Qc3 31.Qxc3 bxc3 32.Rc1 d4 33.exd4 Nd5 34.Bxd8 Rxd8 
35.Ng3 Rb8 36.Ne4 Rxb5 37.Nxc3 Nxc3 38.Rxc3 a4 39.Kg1 Rxb3 40.Rc6 Rb4 41.
d5 Rb1+ 42.Kf2 Rb2+ 43.Kg3 a3 44.Ra6 a2 45.h4 Kf8 46.Ra7 Rd2 47.d6 Rxd6 
1/2-1/2

[Event "22nd EUR-ch (w)"]
[Site "Prague CZE"]
[Date "2022.08.21"]
[Round "2.10"]
[White "Urh, Zala"]
[Black "Injac, Teodora"]
[Result "1/2-1/2"]
[WhiteElo "2262"]
[BlackElo "2389"]
[EventDate "2022.08.20"]
[PlyCount "104"]

1.d4 Nf6 2.c4 e6 3.Nc3 Bb4 4.e3 O-O 5.Bd3 d5 6.cxd5 exd5 7.a3 Bd6 8.Qc2 
Na6 9.b4 c6 10.Nf3 Nc7 11.O-O Re8 12.h3 Qe7 13.Bb2 a5 14.b5 cxb5 15.Nxb5 
Nxb5 16.Bxb5 Bd7 17.Bxd7 Qxd7 18.Ne5 Qe6 19.a4 Ne4 20.Rfc1 f6 21.Nd3 Rac8 
22.Qd1 Rc4 23.Ba3 Rec8 24.Bxd6 Qxd6 25.Qg4 Rxc1+ 26.Rxc1 Rxc1+ 27.Nxc1 Qc6
28.Ne2 g6 29.f3 Nd2 30.h4 Kf7 31.h5 Qe6 32.hxg6+ hxg6 33.Nf4 Qxg4 34.fxg4 
Ne4 35.Nxd5 Ke6 36.Nb6 Nc3 37.Kf2 Kd6 38.Nc4+ Kd5 39.Nxa5 b6 40.Nb3 Nxa4 
41.Ke2 Nc3+ 42.Kd3 Ne4 43.Nd2 Nf2+ 44.Kc3 g5 45.Kb4 Nxg4 46.Nc4 Kc6 47.e4 
Nf2 48.e5 fxe5 49.Nxe5+ Kd5 50.Nf7 Ne4 51.Nxg5 Nxg5 52.Kb5 Kxd4 1/2-1/2

[Event "22nd EUR-ch (w)"]
[Site "Prague CZE"]
[Date "2022.08.21"]
[Round "2.11"]
[White "Tsolakidou, Stavroula"]
[Black "Gajcin, Marina"]
[Result "1-0"]
[WhiteElo "2388"]
[BlackElo "2244"]
[EventDate "2022.08.20"]
[PlyCount "71"]

1.d4 Nf6 2.c4 c5 3.d5 g6 4.Nc3 d6 5.e4 Bg7 6.h3 O-O 7.Nf3 e6 8.Bd3 exd5 9.
exd5 Re8+ 10.Be3 a6 11.a4 Nbd7 12.O-O Nh5 13.Qd2 Ne5 14.Be2 Nxf3+ 15.Bxf3 
Ng3 16.Rfe1 Nf5 17.Bg5 f6 18.Rxe8+ Qxe8 19.Re1 Qf8 20.Bf4 Bd7 21.Ne4 Bxa4 
22.Bg4 Rd8 23.Bxf5 gxf5 24.Ng3 Bd7 25.Re6 Bxe6 26.dxe6 Qe7 27.Qe2 Re8 28.
Nxf5 Qxe6 29.Qg4 Re7 30.Bxd6 Qe1+ 31.Kh2 Rd7 32.Nh6+ Kh8 33.Qxd7 Bxh6 34.
Qd8+ Kg7 35.Bf8+ Kg6 36.Qd3+ 1-0

[Event "22nd EUR-ch (w)"]
[Site "Prague CZE"]
[Date "2022.08.21"]
[Round "2.12"]
[White "Sliwicka, Alicja"]
[Black "Daulyte-Cornette, Deimante"]
[Result "1-0"]
[WhiteElo "2260"]
[BlackElo "2384"]
[EventDate "2022.08.20"]
[PlyCount "81"]

1.e4 c5 2.Nf3 Nc6 3.d4 cxd4 4.Nxd4 Nf6 5.Nc3 e5 6.Ndb5 d6 7.Bg5 a6 8.Na3 
b5 9.Bxf6 gxf6 10.Nd5 Bg7 11.Bd3 Ne7 12.Nxe7 Qxe7 13.O-O O-O 14.c4 f5 15.
Qf3 Qb7 16.Rad1 d5 17.cxd5 fxe4 18.Qxe4 f5 19.Qb4 e4 20.Bb1 Be5 21.f4 Bf6 
22.Nc2 Qb6+ 23.Kh1 a5 24.Qb3 Kh8 25.d6 a4 26.Qd5 Bb7 27.Qxf5 Bxb2 28.Qh5 
b4 29.a3 b3 30.Nb4 Rad8 31.Nd5 Bxd5 32.Qxd5 e3 33.Qe4 Rf7 34.Rf3 Qb7 35.
Qxe3 Rfd7 36.Rh3 Rg7 37.Be4 Qa7 38.Qd2 Bxa3 39.Qc3 Kg8 40.Bd5+ Rf7 41.Rg3+
1-0

[Event "22nd EUR-ch (w)"]
[Site "Prague CZE"]
[Date "2022.08.21"]
[Round "2.13"]
[White "Mkrtchian, Lilit"]
[Black "Kubicka, Anna"]
[Result "1/2-1/2"]
[WhiteElo "2362"]
[BlackElo "2237"]
[EventDate "2022.08.20"]
[PlyCount "112"]

1.Nf3 c5 2.c3 d5 3.d4 Nf6 4.dxc5 e6 5.b4 a5 6.Qb3 b6 7.cxb6 axb4 8.cxb4 
Qxb6 9.b5 Ne4 10.e3 Nd7 11.Be2 Ndc5 12.Qc2 Bd7 13.a4 Qa5+ 14.Nfd2 Be7 15.
O-O O-O 16.Nxe4 Nxe4 17.Bb2 Rfc8 18.Qd1 Qc7 19.Bd3 Bd6 20.Bxe4 dxe4 21.h3 
Be5 22.Bxe5 Qxe5 23.Nd2 Rd8 24.Nc4 Qc7 25.Qb3 h6 26.Rfc1 e5 27.b6 Qc5 28.
b7 Rab8 29.Nb6 Qf8 30.Nxd7 Rxd7 31.Rcb1 Qe7 32.Qc4 Rdxb7 33.Qxe4 Rb4 34.
Rxb4 Rxb4 35.Qd5 e4 36.a5 Qf6 37.Rd1 Rb2 38.Qd8+ Qxd8 39.Rxd8+ Kh7 40.g4 
Ra2 41.Rd5 g5 42.Kf1 Kg7 43.Rf5 Kg6 44.h4 gxh4 45.Kg2 Ra1 46.Rb5 f6 47.Rc5
Ra2 48.Rf5 Ra1 49.Rh5 Ra2 50.Rf5 Ra1 51.a6 Rxa6 52.Kh3 Ra2 53.Rf4 Kg5 54.
Rf5+ Kg6 55.Rf4 Kg5 56.Rf5+ Kg6 1/2-1/2

[Event "22nd EUR-ch (w)"]
[Site "Prague CZE"]
[Date "2022.08.21"]
[Round "2.14"]
[White "Calzetta Ruiz, Monica"]
[Black "Malcewska, Aleksandra"]
[Result "0-1"]
[WhiteElo "2230"]
[BlackElo "2360"]
[EventDate "2022.08.20"]
[PlyCount "82"]

1.e4 c5 2.Nf3 e6 3.d4 cxd4 4.Nxd4 Nc6 5.Nc3 a6 6.g3 d6 7.Bg2 Bd7 8.Nde2 
Nf6 9.O-O b5 10.a3 Be7 11.h3 O-O 12.g4 h6 13.Ng3 Rc8 14.Bf4 Ne5 15.Qc1 a5 
16.Bxh6 gxh6 17.Qxh6 Re8 18.f4 Qb6+ 19.Kh1 Qe3 20.Nh5 Nxh5 21.gxh5 Qg3 22.
Ne2 Qh4 23.Rg1 Ng4 24.Bf1 Bf8 25.Rxg4+ Qxg4 26.Qxf8+ Kxf8 27.hxg4 Rxc2 28.
b4 Ra8 29.Rd1 axb4 30.axb4 Bc6 31.Rxd6 Bxe4+ 32.Kg1 Ke7 33.Rb6 Ra1 34.Kf2 
Bf3 35.h6 Bxe2 36.Bxe2 Raa2 37.Rb7+ Kf6 38.g5+ Kg6 39.Rxb5 Rxe2+ 40.Kf3 
Rh2 41.Rb8 f6 0-1

[Event "22nd EUR-ch (w)"]
[Site "Prague CZE"]
[Date "2022.08.21"]
[Round "2.15"]
[White "Gaponenko, Inna"]
[Black "Lhotska, Anna"]
[Result "1-0"]
[WhiteElo "2339"]
[BlackElo "2081"]
[EventDate "2022.08.20"]
[PlyCount "133"]

1.e4 c5 2.Nf3 e6 3.d3 Nc6 4.g3 d5 5.Nbd2 Nf6 6.Bg2 Be7 7.O-O O-O 8.Re1 Rb8
9.e5 Nd7 10.Nf1 d4 11.h4 b5 12.Bf4 Nb6 13.Ng5 Bb7 14.Qh5 Bxg5 15.Bxg5 Qe8 
16.Bf6 Ne7 17.Bxb7 Rxb7 18.Nh2 Nbd5 19.Ng4 gxf6 20.Nxf6+ Nxf6 21.exf6 Nf5 
22.g4 Kh8 23.gxf5 Qc6 24.Re4 Qd5 25.Rg4 Qxf5 26.Qxf5 exf5 27.Rg5 Rb6 28.
Rxf5 Rg8+ 29.Kf1 Rg6 30.Re1 Rgxf6 31.Rxc5 a6 32.b4 Kg7 33.Re4 Rbd6 34.Ke2 
Kg6 35.Rg5+ Kh6 36.Ree5 Rfe6 37.Rf5 Kg6 38.Kf3 Rf6 39.Rxf6+ Rxf6+ 40.Kg3 
Rc6 41.Rc5 Rd6 42.f3 f6 43.Kf4 Re6 44.a3 Re2 45.Rc6 Rh2 46.Kg3 Re2 47.Rxa6
Rxc2 48.Rd6 Rc3 49.Rxd4 Rxa3 50.Rd5 Rb3 51.Rxb5 Rxd3 52.h5+ Kg7 53.Kg4 Rd6
54.f4 Rd4 55.Rb7+ Kh6 56.Kf5 Rc4 57.b5 Rb4 58.b6 Rc4 59.Rc7 Rb4 60.b7 Rb6 
61.Rf7 Rb4 62.Kxf6 Rxf4+ 63.Ke7 Rb4 64.Kd8 Kxh5 65.Rxh7+ Kg6 66.Rc7 Rh4 
67.Rc6+ 1-0